书目信息 |
| 题名: |
成人钢琴开心启蒙教程
|
|
| 作者: | 周菲 编著 | |
| 分册: | 练习曲集100首 | |
| 出版信息: | 上海 上海音乐出版社 2014 |
|
| 页数: | 179页 | |
| 开本: | 29cm | |
| 丛书名: | ||
| 单 册: | ||
| 中图分类: | J624.16 , J657.41 | |
| 科图分类: | ||
| 主题词: | 钢琴--奏法--教材 , 钢琴曲--练习曲--作品集--世界 , 钢琴 , 奏法 , 钢琴曲 , 练习曲 | |
| 电子资源: | ||
| ISBN: | 978-7-5523-0360-5 | |
| 000 | 00990ncm0 2200313 450 | |
| 001 | 340464 | |
| 005 | 20150625154951.89 | |
| 010 | @a978-7-5523-0360-5@dCNY58.00 | |
| 090 | @aJ624@bzf | |
| 100 | @a20140429d2014 em y0chiy50 ea | |
| 101 | 0 | @achi |
| 102 | @aCN@b310000 | |
| 105 | @ag z 000yy | |
| 106 | @ar | |
| 200 | 1 | @a成人钢琴开心启蒙教程@Acheng ren gang qin kai xin qi meng jiao cheng@i练习曲集100首@f周菲编著 |
| 210 | @a上海@c上海音乐出版社@d2014 | |
| 215 | @a179页@c图@d29cm | |
| 330 | @a本书收录了钢琴练习曲100首, 包括本人作品、拜厄、车尔尼和其他音乐家作品, 而主要是经本人改编的拜厄、车尔尼 (599) 。每条都有明确的技巧、技术学习练习。 | |
| 606 | 0 | @a钢琴@x奏法@j教材 |
| 606 | 0 | @a钢琴曲@x练习曲@x作品集@y世界 |
| 606 | 0 | @a钢琴 |
| 606 | 0 | @a奏法 |
| 606 | 0 | @a钢琴曲 |
| 606 | 0 | @a练习曲 |
| 690 | @aJ624.16@v5 | |
| 690 | @aJ657.41@v5 | |
| 701 | 0 | @a周菲@Azhou fei@c(女, @c(加)@f1955-)@4编著 |
| 801 | 0 | @aCN@b卓展宏图@c20150525 |
| 905 | @dJ624.16@e272@f4 | |
| 成人钢琴开心启蒙教程.练习曲集100首/周菲编著.-上海:上海音乐出版社,2014 |
| 179页:图;29cm |
| ISBN 978-7-5523-0360-5:CNY58.00 |
| 本书收录了钢琴练习曲100首, 包括本人作品、拜厄、车尔尼和其他音乐家作品, 而主要是经本人改编的拜厄、车尔尼 (599) 。每条都有明确的技巧、技术学习练习。 |
| ● |
| 相关链接 |
|
|
|
|
正题名:成人钢琴开心启蒙教程
索取号:J624.16/272
 
预约/预借
| 序号 | 登录号 | 条形码 | 馆藏地/架位号 | 状态 | 备注 |
| 1 | 865777 | 208657773 | 第一样本阅览室/ [索取号:J624.16/272] | 在馆 | |
| 2 | 865778 | 208657782 | 第一借阅区/ [索取号:J624.16/272] | 在馆 | |
| 3 | 865779 | 208657791 | 第一借阅区/ [索取号:J624.16/272] | 在馆 | |
| 4 | 865780 | 208657808 | 密集书库-音乐系/ [索取号:J624.16/272] | 在馆 |